Programmed learning aid for federal income tax (Record no. 77263)

MARC details
000 -LEADER
fixed length control field 00761nam a2200181 a 4500
008 - FIXED-LENGTH DATA ELEMENTS--GENERAL INFORMATION
fixed length control field 120416s1980 ||||||||||||||||| || u
050 ## - LIBRARY OF CONGRESS CALL NUMBER
Classification number KF 6369.3 Wit
100 ## - MAIN ENTRY--PERSONAL NAME
Personal name Wittenbach, James L
245 10 - TITLE STATEMENT
Title Programmed learning aid for federal income tax
250 ## - EDITION STATEMENT
Edition statement 3rd ed.
260 ## - PUBLICATION, DISTRIBUTION, ETC.
Place of publication, distribution, etc. Homewood, Ill
Name of publisher, distributor, etc. Learning Systems
Date of publication, distribution, etc. 1980
300 ## - PHYSICAL DESCRIPTION
Extent xiii, 218p. : ill.
350 ## -
-- 0.00
650 ## - SUBJECT ADDED ENTRY--TOPICAL TERM
Topical term or geographic name entry element FEDERAL INCOME TAX--LAW AND LEGISLATION
650 ## - SUBJECT ADDED ENTRY--TOPICAL TERM
Topical term or geographic name entry element LAW
995 ## -
-- MAIN LIBRARY OPEN ACCESS
-- 0.00
-- 704421
-- CBU-MAIN LIBRARY (Kitwe)
-- 1
-- 0.00
-- KF 6369.3 Wit
-- 1
-- LOST
-- 009585
-- Main Library Open Access Collection
995 ## -
-- BINDERY (DAMAGED)
-- 0.00
-- 704420
-- CBU-MAIN LIBRARY (Kitwe)
-- 2
-- 0.00
-- KF 6369.3 Wit
-- 2
-- DAMAGED
-- 009586
-- Main Library Open Access Collection
999 ## -
-- 77263
-- 77263
Holdings
Withdrawn status Lost status Source of classification or shelving scheme Damaged status Not for loan Permanent Location Current Location Shelving location Date acquired Total Checkouts Full call number Barcode Date last seen Copy number Price effective from Koha item type
          CBU-MAIN LIBRARY, KITWE. CBU-MAIN LIBRARY, KITWE.   04/25/2023   KF 6369.3 Wit 009585 04/25/2023 1 04/25/2023 MONOGRAPH
          CBU-MAIN LIBRARY, KITWE. CBU-MAIN LIBRARY, KITWE.   04/25/2023   KF 6369.3 Wit 009586 04/25/2023 2 04/25/2023 MONOGRAPH